000 00244nam a2200085Ia 4500
008 120527s9999 xx 000 0 und d
100 _aMAO-HUN, Wang
245 _aPotentialities for Agriculture engineering in rural development vol.II
942 _cBK
999 _c25164
_d25164